University Home | Library Home | Institutional Repository

Electrical discharges in gases / (Record no. 169537)

MARC details
000 -LEADER
fixed length control field 01246cam6a220027701 4500
001 - CONTROL NUMBER
control field qce00891572
005 - DATE AND TIME OF LATEST TRANSACTION
control field 20190826180645.0
008 - FIXED-LENGTH DATA ELEMENTS--GENERAL INFORMATION
fixed length control field 740607c19651957ne a 000 0 eng u
035 ## - SYSTEM CONTROL NUMBER
System control number (Sirsi) r86670
035 ## - SYSTEM CONTROL NUMBER
System control number (QCAT)lss00589120
035 ## - SYSTEM CONTROL NUMBER
System control number (UPRA)qce00891572
040 ## - CATALOGING SOURCE
Modifying agency UPRA
100 1# - MAIN ENTRY--PERSONAL NAME
Personal name Penning, F. M. (Frans Michel), 1894-1953.
Fuller form of name Penning, F. M. (Frans Michel), 1894-1953.
Dates associated with a name Penning, F. M. (Frans Michel), 1894-1953.
Linkage A46017.1
245 10 - TITLE STATEMENT
Title Electrical discharges in gases /
Statement of responsibility, etc. [translated by A.F. Monypenny].
260 ## - PUBLICATION, DISTRIBUTION, ETC.
Place of publication, distribution, etc. [Eindhoven] :
Name of publisher, distributor, etc. Philips' Technical Library,
Date of publication, distribution, etc. 1965, [c1957]
490 1# - SERIES STATEMENT
Series statement Philips' Gloeilampenfabrieken, N.V., Eindhoven. Technical library. Miscellaneous series
500 ## - GENERAL NOTE
General note Imprint covered by label: Gordon and Breach, Science Publishers, New York, London, Paris.
500 ## - GENERAL NOTE
General note First published in 1957.
504 ## - BIBLIOGRAPHY, ETC. NOTE
Bibliography, etc. note Bibliography: p. 69-71.
650 #0 - SUBJECT ADDED ENTRY--TOPICAL TERM
Topical term or geographic name entry element Electric discharges through gases.
Linkage S6884.1
740 0# - ADDED ENTRY--UNCONTROLLED RELATED/ANALYTICAL TITLE
Uncontrolled related/analytical title Electrische gasontladingen.
830 #0 - SERIES ADDED ENTRY--UNIFORM TITLE
Uniform title Philips technical library. Miscellaneous series.
Title of a work Philips technical library. Miscellaneous series.
Linkage S3078.2
949 ## - LOCAL PROCESSING INFORMATION (OCLC)
a QC711
w lcc
i -120551
m MAIN
t BOOK
l ON-SHELF
949 ## - LOCAL PROCESSING INFORMATION (OCLC)
a QC711
w lcc
i -120552
m MAIN
t BOOK
l ON-SHELF

No items available.

© 2026 - The University of Zambia Library - Koha v25.11